=LDR 00000nam 2200000 4500 =001 INLIS000000000020317 =005 20130612115257 =008 ***********************************ind** =035 ##$$0010-061300000020317 =041 ##$$a ind =082 ##$$a F.Rom.K =090 ##$$a F.Rom.K, Sin s =100 ##$$a Singo, Darto =245 ##$$a Saraba rusa berkaki delapan, Darto Singo =260 ##$$a 2000 $b Jakarta =300 ##$$a 16 hlm, ilus, 19 cm =650 ##$$a Fiksi Kanak-Kanak =850 ##$$a NBPNMAT